Statistiques concernant Ephésiens 3. 16-21

Cliquez ici pour prendre le quiz!

Statistiques générales

  • Ce quiz a été pris 38 fois
  • Le résultat moyen est 70 sur 129

Statistiques - réponses

Versets :% Correct
à
100%
conformément
100%
de
100%
d'être
100%
donne,
100%
gloire,
100%
Je
100%
la
100%
prie
100%
qu'il
100%
richesse
100%
sa
100%
vous
100%
fortifiés
86%
par
86%
Esprit
71%
puissamment
71%
son
71%
à
57%
Amen !
57%
aux
57%
ce
57%
Christ
57%
cœur
57%
dans
57%
dans
57%
demandons
57%
des
57%
en
57%
et
57%
foi.
57%
générations,
57%
gloire
57%
habite
57%
Je
57%
Jésus-Christ,
57%
la
57%
la
57%
l'Eglise
57%
les
57%
lui
57%
nous
57%
ou
57%
par
57%
pensons,
57%
pour
57%
prie
57%
que
57%
que
57%
que
57%
siècles
57%
siècles !
57%
soit
57%
soyez
57%
toutes
57%
votre
57%
votre
57%
vous
57%
A
43%
afin
43%
agit
43%
amour
43%
avec
43%
capables
43%
celui
43%
cet
43%
Christ,
43%
comprendre
43%
connaissance,
43%
connaître
43%
dans
43%
dans
43%
de
43%
de
43%
de
43%
de
43%
de
43%
de
43%
de
43%
Dieu.
43%
en
43%
enracinés
43%
est
43%
et
43%
et
43%
et
43%
être
43%
être
43%
faire,
43%
fondés
43%
hauteur
43%
infiniment
43%
intérieur,
43%
la
43%
la
43%
la
43%
la
43%
la
43%
la
43%
l'amour
43%
l'amour
43%
largeur,
43%
le
43%
les
43%
longueur,
43%
nous,
43%
par
43%
peut
43%
plénitude
43%
plus
43%
pour
43%
profondeur
43%
puissance
43%
que
43%
que
43%
quelle
43%
qui
43%
qui
43%
qui
43%
remplis
43%
saints
43%
sorte
43%
soyez
43%
surpasse
43%
tous
43%
tout
43%
toute
43%
toute
43%
vous
43%

Distribution des résultats

Percentile par nombre de réponses

% des personnes avec chaque résultat

Votre développement - résultats

Vous n’avez pas pris ce quiz